| 000 | 00936nam a22002897a 4500 | ||
|---|---|---|---|
| 001 | 5193 | ||
| 003 | FISKH | ||
| 005 | 20241118154818.0 | ||
| 008 | 241118b cb ||||| |||| 00| 0 eng d | ||
| 020 | _a9780590465656 | ||
| 040 |
_aFISKH _beng _cFISKH _dFISKH |
||
| 050 | _aHQ796.F7635 | ||
| 082 | _a305.230973 | ||
| 100 | _aFreedman, Russell | ||
| 245 |
_aImmigrant Kids / _cby Russell Freedman |
||
| 250 | _aFirst Scholastic printing, June 1992 | ||
| 260 |
_aNew York : _bScholastic ; _c1980 . |
||
| 300 |
_a72 pages : _billustrations ; _c27 cm . |
||
| 505 | _aZ | ||
| 520 | _aText and contemporary photographs chronicle the life of immigrant children at home, school, work, and play during the late 1800's and early 1900's. | ||
| 521 | 8 |
_a1050
_bLexile |
|
| 521 | 8 |
_aZ
_bRaz-Plus |
|
| 650 |
_aAmerican history _vnon-fiction |
||
| 650 |
_aEllis Island _vnon-fiction |
||
| 942 |
_2ddc _cBK _n0 |
||
| 999 |
_c5193 _d5193 |
||